banner-ar

PRESENTATION GRAPHICS FOR ENGINEERING, SCIENCE AND BUSINESS / (Record no. 25074)

MARC details
000 -الفاتح
حقل البيانات ثابتة الطول 00441nam a2200169Ia 4500
008 - عناصر البيانات ثابتة الطول - معلومات عامة
حقل البيانات ثابتة الطول 140319s9999 xx 000 0 eng d
040 ## - مصدر الفهرسة
وكالة الفهرسة الأصلية GCL /
وكالة النسخ GCL
082 04 - رقم تصنيف ديوى العشرى
رقم التصنيف 006.6
رقم المادة M P
100 1# - المدخل الرئيسى - إسم شخصى
الإسم الشخصى MILNO
245 10 - بيان العنوان
العنوان PRESENTATION GRAPHICS FOR ENGINEERING, SCIENCE AND BUSINESS /
بيان المسئوليه,etc MILNO
260 ## - PUBLICATION, DISTRIBUTION, ETC. (IMPRINT)
تاريخ النشر أو التوزيع 1992
300 ## - الوصف المادى
التعداد 179 P
650 04 - المدخل الاضافى بالموضوع-مصطلح موضوعى
مصطلح موضوعي CERAPHICS
650 04 - المدخل الاضافى بالموضوع-مصطلح موضوعى
مصطلح موضوعي COMPUTER GRAPHICS
942 ## - عناصر المدخل الإضافي( كوها)
مصدر التصنيف او مخطط الترفيف Dewey Decimal Classification
Koha [default] item type كتاب
260 ## - PUBLICATION, DISTRIBUTION, ETC. (IMPRINT)
-- [S.N] :
-- E & FN SPON ،
Holdings
حالة التراجع حالة الفقد حالة تلف ليس للاعارة المكان المؤقت الموقع الحالى تاريخ الاكتساب اجمالي اﻻعارات رقم الطلب الباركود تاريخ اخر مشاهدة تاريخ تفعيل السعر نوع وعاء كوها
        مكتبة القاهرة الكبرى مكتبة القاهرة الكبرى 03/26/2014   006.6\M P 44256 03/26/2014 03/26/2014 كتاب

Powered By

EGPV